Vista normal
Vista MARC
- CANALES DE DISTRIBUCIÓN
Entrada Topical Term
Número de registros utilizados en: 5
001 - CONTROL NUMBER
- control field: 11887
003 - CONTROL NUMBER IDENTIFIER
- control field: OSt
005 - DATE AND TIME OF LATEST TRANSACTION
- control field: 20160712102257.0
008 - FIXED-LENGTH DATA ELEMENTS
- fixed length control field: 160712|| aca||aabn | a|a d
040 ## - CATALOGING SOURCE
- Original cataloging agency: OSt
- Transcribing agency: OSt
150 ## - HEADING--TOPICAL TERM
- Topical term or geographic name entry element: CANALES DE DISTRIBUCIÓN
670 ## - SOURCE DATA FOUND
- Source citation: Work cat.: (OSt)5173: Kotler, Philip 2514, Principios de marketing, 2008